000 00650nam a2200229Ia 4500
003 BUBTL
008 151213s9999 xx 000 0 und d
020 _a017443474X
082 _a821.3/ J7101s/ 1998
100 _aJones, Kathrine Duncan
_94939
245 _aShakespeare's Sonnets :
_cKathrine Duncan Jones
250 _a3rd Series
260 _bArden Shakespeare `AS:
_c1998
_aDelhi
300 _a[xv],488p. :
_b19 cm
500 _aIncludes Index
650 _aEnglish Literater
_94940
650 _a
700 _aKathrine Duncan Jones
_94941
856 _k0
_l0
_yDownload
942 _2ddc
_cBK
999 _c4704
_d4704